[Event "TORO 2013 (Open)"]
[Site "Gatineau"]
[Date "2013.06.08"]
[Round "2"]
[White "Larochelle, Martial"]
[Black "Hébert, Jean"]
[Result "1/2-1/2"]
[WhiteElo "2186"]
[BlackElo "2409"]
[EventDate "2013.06.08"]

1.d4 Nf6 2.c4 e6 3.Nc3 Bb4 4.e3 O-O 5.Ne2 d5 6.a3 Be7 7.cxd5 exd5 8.g3 a5 
9.Bg2 c6 10.O-O Nbd7 11.f3 c5 12.Nf4 Nb6 13.b3 Re8 14.Qd3 g6 15.g4 Be6 16.
dxc5 Bxc5 17.Nb5 Bd7 18.Nd4 Bc6 19.Qc3 Bf8 20.Bb2 Bg7 21.Nxc6 bxc6 22.Qxc6
Rxe3 23.Bd4 Rxb3 24.Rab1 Rxb1 25.Rxb1 Nbd7 26.Nxd5 Nxd5 27.Qxd5 Ne5 28.
Qxd8+ Rxd8 29.Bc5 Rc8 30.Bd6 Nc4 31.Be7 Bd4+ 32.Kh1 Bc5 33.Bxc5 Rxc5 34.
Rc1 Rc8 35.Bf1 Nd6 36.Rd1 Nb7 37.Ba6 Rc7 38.Bxb7 Rxb7 39.Rd5 Rb3 40.Rxa5 
Rxf3 41.Kg2 Rb3 42.Ra7 Rb2+ 43.Kg3 Rb3+ 44.Kg2 g5 45.Ra5 h6 46.Ra6 Kg7 47.
Kf2 f6 48.Ra7+ Kg6 49.Kg2 h5 50.gxh5+ Kxh5 51.h3 Rc3 52.Ra8 Kg6 53.a4 Kf5 
54.Rf8 Ra3 55.Rf7 Rxa4 56.Rf8 Ra2+ 57.Kg3 Ra3+ 58.Kg2 Ke5 59.Rg8 Kf4 60.
Rb8 Ra2+ 61.Kg1 Re2 62.Rf8 f5 63.Rg8 Re3 64.Kh2 Rd3 65.Rg7 Rd2+ 66.Kg1 Kf3
67.Rxg5 f4 68.Ra5 Rd1+ 69.Kh2 Re1 70.h4 Kg4 71.h5 Re3 72.Kg2 Rg3+ 73.Kf2 
Rh3 74.Ra4 Rxh5 75.Ra3 Rh2+ 76.Kf1 Rb2 77.Rc3 f3 78.Rc8 1/2-1/2

[Event "TORO 2013 (Open)"]
[Site "Gatineau"]
[Date "2013.06.09"]
[Round "5"]
[White "Dumont, Félix"]
[Black "Hamilton, Robert"]
[Result "0-1"]
[WhiteElo "2151"]
[BlackElo "2305"]
[EventDate "2013.06.09"]

1.e4 c5 2.Nf3 e6 3.d4 cxd4 4.Nxd4 a6 5.Nc3 b5 6.Bd3 Bb7 7.Be3 d6 8.f4 Nd7 
9.f5 e5 10.Nf3 Ngf6 11.Bg5 Be7 12.a3 O-O 13.Qe2 d5 14.exd5 Nxd5 15.Nxd5 
Bxd5 16.f6 Bxf6 17.h4 e4 18.O-O-O exd3 19.Qxd3 Bxf3 20.gxf3 Bxg5+ 21.hxg5 
Qxg5+ 22.f4 Qxf4+ 23.Kb1 Nf6 24.Rdf1 Qe5 
    ( 24...Qe4 25.Qg3 Rac8 26.Rh2 Rc6 27.Rg2 Nh5 28.Qh2 Rg6 29.Rgf2 Qc4 
    30.Rh1 Rg5 31.Re1 g6 )
25.Qh3 
    ( 25.Qf3 Rac8 26.Rh2 Rc6 27.Rg2 Nh5 )
25...Rac8 26.Rh2 {et la partie devient illisible ici. Les Blancs 
abandonnèrent au 34e coup.} 26...Rc6 27.Rg2 Nh5 28.Qh2 Rg6 29.Re2 0-1

[Event "TORO 2013 (Section B)"]
[Site "Gatineau"]
[Date "2013.06.07"]
[Round "1"]
[White "Saha, Ananda"]
[Black "Lukezich, John"]
[Result "1-0"]
[WhiteElo "1735"]
[BlackElo "1508"]
[EventDate "2013.06.07"]

1.d4 Nf6 2.c4 e6 3.Nc3 Bb4 4.e3 b6 5.Ne2 Bb7 6.a3 Bd6 7.d5 e5 8.e4 a5 9.
Ng3 h6 10.Nf5 Bf8 11.Be3 Na6 12.Qb3 g6 13.Ng3 Ng4 14.Na4 Nxe3 15.Qxe3 Nc5 
16.Qc3 Qf6 17.Nxc5 Bxc5 18.Qd2 Kf8 19.Bd3 d6 20.h4 Bc8 21.h5 g5 22.Nf5 
Bxf5 23.exf5 Re8 24.Be4 Bd4 25.g4 Qe7 26.f6 Qxf6 27.Rh3 Qf4 28.Qe2 Bxf2+ 
29.Kf1 Bg3+ 30.Kg2 Bh4 31.Rf1 Bf2 32.Rxf2 Qc1 33.Rf1 Qf4 34.Rxf4 exf4 35.
Qd3 Re5 36.b4 Kg7 37.Qd4 Re8 38.bxa5 bxa5 39.Rb3 Kf8 40.Kf3 Ke7 41.Rb7 Kd7
42.Qb6 Rc8 43.Bf5+ Rxf5 44.gxf5 Kd8 45.Qxa5 1-0

[Event "TORO 2013 (Section B)"]
[Site "Gatineau"]
[Date "2013.06.09"]
[Round "4"]
[White "Saha, Ananda"]
[Black "Danilov, Alex"]
[Result "1-0"]
[WhiteElo "1735"]
[BlackElo "1796"]
[EventDate "2013.06.09"]

1.d4 Nf6 2.c4 e6 3.Nc3 Bb4 4.e3 c5 5.Ne2 cxd4 6.exd4 O-O 7.a3 Be7 8.Bg5 d5
9.c5 a5 10.g3 b6 11.b4 Bb7 12.Bg2 axb4 13.axb4 Rxa1 14.Qxa1 bxc5 15.bxc5 
Nc6 16.O-O Qd7 17.Rb1 h6 18.Bf4 g5 19.Be5 Nxe5 20.dxe5 {Cet abandon m'est 
incompréhensible.} 1-0

[Event "TORO 2013 (Section C)"]
[Site "Gatineau"]
[Date "2013.06.08"]
[Round "2"]
[White "Bolduc, Olivier"]
[Black "Ketata, Nabil"]
[Result "1-0"]
[WhiteElo "1313"]
[BlackElo "1112"]
[EventDate "2013.06.08"]

1.d4 d6 2.e4 d5 3.exd5 Qxd5 4.c4 Qe4+ 5.Ne2 e6 6.Bd2 g6 7.Nc3 Qf5 8.Ng3 
Qf6 9.Be3 Bb4 10.Ne4 Qe7 11.Qf3 Bxc3+ 12.bxc3 e5 13.dxe5 Bf5 14.Bd3 Nd7 
15.Qf4 O-O-O 16.Bd4 Bxe4 17.Bxe4 g5 18.Qg3 f6 19.O-O fxe5 20.Rab1 b6 21.
Be3 h6 22.Qf3 h5 23.Bb7+ Kb8 24.Ba6 e4 25.Qf5 Ngf6 26.Rfd1 Rhg8 27.c5 Ka8 
28.Bc4 Rgf8 29.Be6 Ng4 30.Qd5+ Kb8 31.Bxd7 Nf6 32.Qxg5 Rg8 33.Qf5 Ng4 34.
Be6 Qh4 35.h3 Rxd1+ 36.Rxd1 Nxe3 37.fxe3 Rg7 38.Qf8+ Kb7 39.Qxg7 bxc5 40.
Rb1+ Kc6 41.Qd7# 1-0